| 000 | 00804nam a22002297a 4500 | ||
|---|---|---|---|
| 005 | 20130429160849.0 | ||
| 010 | _aENG-106939 | ||
| 020 |
_a9780198081661 _c795.00 |
||
| 020 |
_a0198081669 _c795.00 |
||
| 035 | _aEN-90472 | ||
| 037 | _bDBAD/PUB | ||
| 082 | 0 | 4 |
_a344.540316 _223 |
| 100 | 1 |
_aDas, S. K., _d1945- |
|
| 245 | 1 | 0 |
_aIndia's rights revolution : _bhas it worked for the poor? / _cby S.K. Das |
| 260 |
_aNew Delhi _bOxford University Press _c2013 |
||
| 270 |
_a YMCA Library Building, 1 Jai Singh Road _bNew Delhi _e110001 |
||
| 300 |
_axvi, 330 p. _c23cm(Hb) |
||
| 500 | _aIncludes bibliographical references (pages 313-325) and index. | ||
| 650 | 0 |
_aPoor _xCivil rights _zIndia. |
|
| 650 | 0 |
_aPublic welfare _xLaw and legislation _zIndia. |
|
| 942 |
_2ddc _cEN _h344.540316 _mDAS |
||
| 999 |
_c74940 _d74940 |
||